Problemas resueltos de tecnología eléctrica (Registro nro. 7071)
[ vista simple ]
| 000 -Cabecera | |
|---|---|
| Campo de control de longitud fija | 00857aam a2200301 4500 |
| 005 - Fecha y hora de la última transacción | |
| Campo de control | 20230830123302.0 |
| 008 - Elementos de longitud fija--Información general | |
| Campo de control de longitud fija | 150730b2003 xxu||||| |||| 00| 0 spa d |
| 041 ## - Idioma | |
| Código de idioma | Español |
| 082 ## - Clasificación Decimal Dewey | |
| Número de clasificación | 621.381.5 M843p |
| 100 ## - Entrada principal--Autor personal | |
| Nombre personal | Moreno, Narciso |
| 9 (RLIN) | 4611 |
| 100 ## - Entrada principal--Autor personal | |
| Nombre personal | Bachiller, Alfonso |
| 9 (RLIN) | 4612 |
| 100 ## - Entrada principal--Autor personal | |
| Nombre personal | Bravo, Juan Carlos |
| 9 (RLIN) | 4613 |
| 245 ## - Título propiamente dicho | |
| Título | Problemas resueltos de tecnología eléctrica |
| 260 ## - Pie de imprenta | |
| Lugar de publicación, distribución, etc. | España |
| 260 ## - Pie de imprenta | |
| Nombre del editor, distribuidor, etc. | Paraninfo |
| 260 ## - Pie de imprenta | |
| Fecha de publicación, distribución, etc. | 2003 |
| 300 ## - Descripción física | |
| Extensión | 309 páginas |
| 650 ## - Materia general | |
| Temática (materia general) | CIRCUITOS ELÉCTRICOS |
| 650 ## - Materia general | |
| Temática (materia general) | CIRCUITOS DE CORRIENTE ALTERNA |
| 650 ## - Materia general | |
| Temática (materia general) | CIRCUITOS TRIFÁSICOS |
| 650 ## - Materia general | |
| Temática (materia general) | TRANSFORMADORES MONOFÁSICOS |
| 650 ## - Materia general | |
| Temática (materia general) | TRASFORMADORES TRIFÁSICOS |
| 650 ## - Materia general | |
| Temática (materia general) | MOTORES TRIFÁSICOS |
| 650 ## - Materia general | |
| Temática (materia general) | MÁQUINAS ELÉCTRICAS |
| 650 ## - Materia general | |
| Temática (materia general) | BAJA TENSIÓN |
| 942 ## - Punto de acceso adicional KOHA | |
| Tipo de ítem KOHA | Libro |
| Fuente del sistema de clasificación o colocación | Dewey Decimal Classification |
| Signatura completa | Código de barras | Programa Académico | Tipo de ítem |
|---|---|---|---|
| 621.381.5 M843p | 12372 | Electrónica | Libro |